000 00340nam a2200121Ia 4500
008 200619s9999 xx 000 0 und d
020 _a9800000000000
100 _aSantos Boaventura De Sousa
245 0 _aVoices of the World
264 _bUniversal Vertrieb
_c2009
942 _cIR
999 _c120349
_d120349